| 000 | 00439nam a2200181Ia 4500 | ||
|---|---|---|---|
| 001 | 23080 | ||
| 005 | 20260414150913.0 | ||
| 008 | 260414t2008||||xx |||||||||||||| ||spa|| | ||
| 041 | _aESP | ||
| 082 |
_a624.1834 _bI59B |
||
| 110 | _aInstituto Mexicano del Cemento y del Concreto | ||
| 245 | 0 |
_aConcreto permeable _b |
|
| 260 | _c2008 | ||
| 300 |
_a52 páginas : _c28 cm. |
||
| 650 | _a0 | ||
| 654 | _aCIC | ||
| 942 |
_cLIB _dJUS _fJUS _2ddc _n |
||
| 999 |
_c23080 _d23080 |
||